00551nam a2200169 a 450000100060000000300090000600800410001502000160005604000280007208200170010011000520011724500510016926000520022030000070027265000500027965000520032921905CO-ViMGA141112s2004 ck r 000 u spa d a95897229843 aCO-ViMGAbspacCO-ViMGA04a307.76 B646a aBogotá (colombia)Alcaldía Mayor de Bogotá10aHagamos un pacto para vivir la participación aBogotá : bGiro publicidad y mercadeo, c2003 a4814aPARTICIPACION CIUDADANA - Bogotá (COLOMBIA)14aPERTICIPACION COMUNITARIA - Bogotá (COLOMBIA)